000
00457nam a2200145Ia 4500
008
100204s9999 xx 000 0 und d
082
_b
23661
100
_a
बेलसरे अरुण
245
_a
मिश्किल मिसळ
260
_b
"पुष्प प्रकाशन , पुणे"
_c
1999
300
_a
118
630
_a
मिश्किल मिसळ
730
_a
मिश्किल मिसळ
942
_c
BOOK
999
_c
468916
_d
468913